Revista catalana de psiquiatria i de neurologia
ISBN:
0212-9647
Descripción Física:
25 cm
Colección:
1936 (1)
Otros Autores:
Societat Catalana de Psiquiatria i Neurologia
MARC
| LEADER | 00000nam a2200000Ia 4500 | ||
|---|---|---|---|
| 001 | 9017 | ||
| 008 | 160829s1936 - xx 000 0 cat d | ||
| 008 | 160829s9999 xx 000 0 cat d | ||
| 020 | |a 0212-9647 | ||
| 080 | |a C-2-372 | ||
| 245 | |a Revista catalana de psiquiatria i de neurologia | ||
| 260 | |a Barcelona : |b Societat Catalana de Psiquiatria i Neurologia, |c 1936 - | ||
| 300 | |a 25 cm | ||
| 362 | |a Any 1, v. 1, núm. 1 (1936)- | ||
| 490 | |a 1936 (1) | ||
| 590 | |a Trimestral. | ||
| 590 | |a Inclou recensions. | ||
| 590 | |a Notes, bibliografia. | ||
| 590 | |a Passat com a monografia | ||
| 650 | 0 | |a Psiquiatria |v Revistes |9 11506 | |
| 650 | |a Neurologia |x Revistes |9 29942 | ||
| 650 | |a Societat Catalana de Psiquiatria i Neurologia |x Revistes |9 29943 | ||
| 700 | |a Societat Catalana de Psiquiatria i Neurologia |9 29944 | ||
| 901 | |a Arxiu | ||
| 942 | |n 1 | ||
| 952 | |0 0 |1 0 |4 0 |6 C2372 |7 1 |9 45179 |a Arxiu |b Arxiu |d 2016-12-01 |l 0 |o C-2-372 |p 9017 |r 2016-12-01 00:00:00 |w 2016-12-01 |y ARXIU | ||
| 999 | |c 48250 |d 48250 | ||